000 00413nam a2200181Ia 4500
003 0STCL
008 150530s9999 xx 000 0 und d
040 _aSTCL
_cSTCL
100 _aSameeksha
245 _aKaroorinte Kathaalokam
250 _a1
260 _bBharathiya Sahitya Prakasan; Meerut
_c1968
300 _a0
546 _aMalayalam
942 _2ddc
_cBK
999 _c79732
_d79732
005 20220125171727.0